| 000 | 00750cam a22002053a 4500 | ||
|---|---|---|---|
| 001 | 45738 | ||
| 003 | PGUSA | ||
| 005 | 20140828084047.0 | ||
| 008 | 140524s2014||||xxu|||||s|||||000 | eng d | ||
| 040 |
_aPGUSA _beng |
||
| 042 | _adc | ||
| 100 | 1 |
_aWebster, Noah, _d1758-1843 |
|
| 245 | 1 | 0 |
_aDissertation on the English Language : _bWith Notes, Historical and Critical; to Which is Added, by Way of Appendix, an Essay on a Reformed Mode of Spelling, With Dr. Franklin's Arguments on that Subject _h[electronic resource] / _cNoah Webster |
| 260 |
_bProject Gutenberg, _c2014 |
||
| 506 | _aPublic domain in the USA. | ||
| 516 | _aElectronic text | ||
| 830 | 0 |
_aProject Gutenberg _v45738 |
|
| 856 | 4 | 0 | _uhttp://www.gutenberg.org/ebooks/45738 |
| 942 | _cEB | ||
| 999 |
_c274988 _d274988 |
||